Religiøs demografi - Verdens religioner (kort) - Statistics

General Stats
  • This quiz has been taken 351 times
    228 since last reset
  • The average score is 6 of 13
Answer Stats
Hint Answer % Correct
2.4 milliarder Kristne (kristendom)
100%
1.8 milliarder Muslimer (islam)
98%
1.2 milliarder Hinduer (hinduisme)
87%
500 millioner Buddhister (buddhisme)
54%
14 millioner Jøder (jødedom)
50%
25 millioner Sikher (sikhisme)
35%
1.2 milliarder Agnostikere og ateister (ikke-religiøs)
31%
X antall millioner i Japan Shintoister (shinto)
20%
X antall millioner i Kina Kinesisk folkereligion
19%
5-6 millioner Jainer (jainisme)
17%
5-7 millioner Bahaier (Baha'i-troen)
15%
X antall millioner globalt Naturreligion (dvs. animister)
13%
200.000 Zoroastrister (zoroastrisme)
11%
No matching quizzes found
Score Distribution
Percent of People with Each Score
Percentile by Number Answered
Your Score History
You have not taken this quiz since the last reset